Management Process & Organisational Behaviour (Record no. 14948)

MARC details
000 -LEADER
fixed length control field 00369nam a2200145Ia 4500
008 - FIXED-LENGTH DATA ELEMENTS--GENERAL INFORMATION
fixed length control field 221030s9999 xx 000 0 und d
020 ## - INTERNATIONAL STANDARD BOOK NUMBER
ISBN 8192315225
041 ## - LANGUAGE CODE
Language code of text/sound track or separate title
100 ## - MAIN ENTRY--AUTHOR NAME
Personal name N. S. Gupta
245 #0 - TITLE STATEMENT
Title Management Process & Organisational Behaviour
Statement of responsibility, etc by N. S. Gupta
260 ## - PUBLICATION, DISTRIBUTION, ETC. (IMPRINT)
Name of publisher GMC Pub.
Place of publication Delhi
Year of publication 2013
300 ## - PHYSICAL DESCRIPTION
Number of Pages 702
650 ## - SUBJECT ADDED ENTRY--TOPICAL TERM
Topical Term Management
942 ## - ADDED ENTRY ELEMENTS (KOHA)
Koha item type Books
Holdings
Accession Number Cost, normal purchase price Bill Date Source of acquisition Price effective from Koha item type Withdrawn / writtenoff status Materials specified (bound volume or other part) Damaged status Not for loan Permanent Location Current Location Shelving location Date acquired Lost/ Missing status department
MBA 2469 410.00 3506 RKB 10/30/2022 Books   Print     MIET Library, Jammu MIET Library, Jammu BL-Academic Block B, FL-2, CUP-136, SH-5, R-5 09/04/2013   MBA
MBA 2470 410.00 3506 RKB 10/30/2022 Books   Print   Not For Loan MIET Library, Jammu MIET Library, Jammu BL-Academic Block B, FL-2, CUP-67, SH-3, R-3 09/04/2013   MBA
MBA 2471 410.00 3506 RKB 10/30/2022 Books   Print     MIET Library, Jammu MIET Library, Jammu BL-Academic Block B, FL-2, CUP-136, SH-5, R-5 09/04/2013   MBA
MBA 2472 410.00 3506 RKB 10/30/2022 Books   Print     MIET Library, Jammu MIET Library, Jammu BL-Academic Block B, FL-2, CUP-136, SH-5, R-5 09/04/2013   MBA
MBA 2473 410.00 3506 RKB 10/30/2022 Books   Print     MIET Library, Jammu MIET Library, Jammu BL-Academic Block B, FL-2, CUP-136, SH-5, R-5 09/04/2013   MBA